000 00865nam a2200265 a 4500
001 6962
003 BD-RjUL
005 20211208234339.0
008 160926m19611965enka j 000 0 eng
035 _a(BD-RjUL) 7004
040 _aDLC
_cYNG
_dOCL
_dUKM
_dZCH
_dBD-RjUL
_beng
041 _aeng
082 _a509
_bSUS 1962-1965
_223
100 1 _aSutcliffe, A. P. D.
_921835
245 1 0 _aStories from science /
_cby A. Sutcliffe & A. P. D. Sutcliffe ; With illustrations by Robert Hunt.
260 _aCambridge :
_bUniversity Press,
_cc1962-1965
300 _aBk. :
_bill. ;
_c23 cm.
504 _aIncludes bibliography.
505 0 _aBk. 1-- Bk. 2-- Bk. 3-- Bk. 4--
650 0 _aScience
_xHistory
_vJuvenile literature.
_921836
650 0 _aPhysics
_9157777
700 1 _aSutcliffe, A. P. D.,
_eauthor.
_921837
700 1 _aHunt, Robert
_9158218
942 _2ddc
_cBK
999 _c6962
_d6962